000 00858nam a22002177a 4500
003 NALT
005 20211123094640.0
008 s2547 th tha d
020 _a9747912864
040 _aNALT
041 _atha
050 _aCN1220
_bศ537ป 2547
240 _aศิลาจารึก
245 1 0 _aประมวลข้อมูลเกี่ยวกับจารึกพ่อขุนรามคำแหง
260 3 _aกรุงเทพฯ :
_bสำนักหอสมุดแห่งชาติ กรมศิลปากร,
_c2547
300 _a240 หน้า :
_bภาพประกอบ;
_c29 ซม.
650 0 4 _aศิลาจารึกพ่อขุนรามคำแหง
850 _aNALT
856 4 0 _uhttps://dl.parliament.go.th/handle/lirt/539537
942 _cGB
_2lcc
999 _c43996
_d43996
998 _j109
_k อารีรัตน์ วิชาช่าง